Riadenie jazdnej dynamiky elektrického vozidla s pohonom všetkých kolies
Guardado en:
| Autor principal: | |
|---|---|
| Otros Autores: | |
| Formato: | Manuscrito Libro |
| Lenguaje: | eslovaco |
| Publicado: |
Bratislava :
STU v Bratislave FEI,
2022
|
| Materias: | |
| Acceso en línea: | https://opac.crzp.sk/?fn=detailBiblioFormChildUM6U4&sid=378281AEB05FBF71703DC8A6EBFA&seo=CRZP-detail-kniha |
| Etiquetas: |
Sin Etiquetas, Sea el primero en etiquetar este registro!
|
MARC
| LEADER | 00000ntm a22000003a 4500 | ||
|---|---|---|---|
| 001 | stuzp87800 | ||
| 003 | SK-STU | ||
| 005 | 20230117133551.9 | ||
| 007 | ta | ||
| 008 | 150427s2015----xo-----f-mn---000-0-slo-d | ||
| 040 | |a STU |b slo | ||
| 041 | 0 | |a slo | |
| 044 | |a xo | ||
| 100 | 1 | |a Račkay, Juraj |u 030400 |4 aut |U FEI Fakulta elektrotechniky a informatiky |T FEI Ústav automobilovej mechatroniky |X 79939 |U E400 |Y 642 |7 79939 | |
| 242 | 0 | 1 | |a Driving dynamics control of an all-wheel drive electric vehicle |y eng |
| 245 | 1 | 0 | |a Riadenie jazdnej dynamiky elektrického vozidla s pohonom všetkých kolies |
| 260 | |a Bratislava : |b STU v Bratislave FEI, |c 2022 | ||
| 300 | |a 71 s. | ||
| 650 | 4 | |a jazdná dynamika |2 slo | |
| 650 | 4 | |a riadenie jazdnej dynamiky |2 slo | |
| 650 | 4 | |a stabilita vozidla |2 slo | |
| 650 | 4 | |a matematické modelovanie |2 slo | |
| 650 | 4 | |a lichobežníkové zavesenie |2 slo | |
| 650 | 4 | |a odhad zaťaženia pneumatík |2 slo | |
| 650 | 4 | |a odhad rýchlosti |2 slo | |
| 650 | 4 | |a dvojstopový matematický model |2 slo | |
| 650 | 4 | |a Matlab |2 slo | |
| 650 | 4 | |a Simulink |2 slo | |
| 650 | 4 | |a CarMaker |2 slo | |
| 650 | 4 | |a driving dynamics control |2 eng | |
| 650 | 4 | |a vehicle stability |2 eng | |
| 650 | 4 | |a mathematical modelling |2 eng | |
| 650 | 4 | |a vehicle dynamics |2 eng | |
| 650 | 4 | |a tire load estimation |2 eng | |
| 650 | 4 | |a speed estimation |2 eng | |
| 650 | 4 | |a twin track mathematical model |2 eng | |
| 650 | 4 | |a Matlab |2 eng | |
| 650 | 4 | |a Simulink |2 eng | |
| 650 | 4 | |a CarMaker |2 eng | |
| 650 | 4 | |a trapezoidal suspension |2 eng | |
| 700 | 1 | |a Kozáková, Alena |u 030400 |k Z1 |4 ths |U FEI Fakulta elektrotechniky a informatiky |T FEI Ústav automobilovej mechatroniky |X 4939 |U E400 |Y 642 |7 A000004939 | |
| 856 | 4 | |u https://opac.crzp.sk/?fn=detailBiblioFormChildUM6U4&sid=378281AEB05FBF71703DC8A6EBFA&seo=CRZP-detail-kniha | |